Estadísticas para Top 10 países asiáticos por aumento en población

Haz click aquí para tomar la prueba!

Estadísticas generales

  • Esta prueba ha sido tomada 2.602 veces
  • La puntuación promedio es 8 de 10

Estadísticas de respuestas

AumentoPaís% Correcto
167 MChina
99%
386 MIndia
99%
66,3 MIndonesia
91%
91,4 MPakistán
88%
24,6 MIrán
83%
46,0 MBangladés
82%
23,2 MAfganistán
74%
41,3 MFilipinas
73%
21,9 MIrak
73%
22,4 MTurquía
66%

Distribución de puntuación

Porcentaje por número respondido

Porcentaje de gente con cada puntuación

Historial de tus puntuaciones

No has tomado esta prueba